000 00284nam a22001337a 4500
008 170627b xxu||||| |||| 00| 0 eng d
020 _a3534108868
041 _aeng
080 _a94
100 _a18
101 _aSHH
245 _aNATIONAL SOZIALISMUS
_cPRINZ.M
942 _2udc
_cBK
999 _c19165
_d19165